[Event "DEM U10w 2022"]
[Site "Willingen GER"]
[Date "2022.06.08"]
[Round "6"]
[White "Margaryan, Mane"]
[Black "Stiehler, Ellen"]
[Result "1-0"]
[Termination "normal"]
[Board "6"]
[WhiteElo "1107"]
[BlackElo "918"]
[WhiteClock "00:32:23"]
[BlackClock "01:01:46"]
[PlyCount "61"]
[WhiteFideId "16268237"]
[BlackFideId "34663908"]
[EventCountry "GER"]
[EventRounds "11"]
[EventType "swiss"]
[EventDate "2022.06.04"]

1. d4 {[%clk 01:15:57]} {[%emt 00:00:02]} Nf6 {[%clk 01:15:46]} {[%emt
00:00:14]} 2. c4 {[%clk 01:16:20]} {[%emt 00:00:07]} e5 {[%clk 01:16:03]}
{[%emt 00:00:13]} 3. dxe5 {[%clk 01:16:37]} {[%emt 00:00:14]} Ng4 {[%clk
01:16:23]} {[%emt 00:00:09]} 4. Nf3 {[%clk 01:16:37]} {[%emt 00:00:31]} Bc5
{[%clk 01:16:39]} {[%emt 00:00:12]} 5. e3 {[%clk 01:14:57]} {[%emt 00:02:11]}
Nc6 {[%clk 01:16:28]} {[%emt 00:00:41]} 6. Bd3 {[%clk 01:12:58]} {[%emt
00:02:28]} Ncxe5 {[%clk 01:15:50]} {[%emt 00:01:09]} 7. Nxe5 {[%clk 01:12:58]}
{[%emt 00:00:30]} Nxe5 {[%clk 01:16:07]} {[%emt 00:00:13]} 8. O-O {[%clk
01:11:48]} {[%emt 00:01:40]} O-O {[%clk 01:16:06]} {[%emt 00:00:32]} 9. Nc3
{[%clk 01:08:34]} {[%emt 00:03:41]} a5 {[%clk 01:15:12]} {[%emt 00:01:26]} 10.
b3 {[%clk 01:07:20]} {[%emt 00:01:45]} Re8 {[%clk 01:15:09]} {[%emt 00:00:32]}
11. Bb2 {[%clk 01:06:20]} {[%emt 00:01:29]} Ra6 {[%clk 01:15:03]} {[%emt
00:00:37]} 12. Bc2 {[%clk 01:04:56]} {[%emt 00:01:51]} Rh6 {[%clk 01:14:40]}
{[%emt 00:00:55]} 13. h3 {[%clk 01:04:19]} {[%emt 00:01:06]} Qh4 {[%clk
01:14:26]} {[%emt 00:00:45]} 14. Ne4 {[%clk 01:02:07]} {[%emt 00:02:41]} Bf8
{[%clk 01:14:44]} {[%emt 00:00:14]} 15. Rc1 {[%clk 01:00:22]} {[%emt 00:02:14]}
d6 {[%clk 01:14:56]} {[%emt 00:00:19]} 16. Re1 {[%clk 00:55:58]} {[%emt
00:04:52]} Bxh3 {[%clk 01:15:17]} {[%emt 00:00:11]} 17. gxh3 {[%clk 00:52:53]}
{[%emt 00:03:35]} Qxh3 {[%clk 01:15:22]} {[%emt 00:00:24]} 18. Ng3 {[%clk
00:51:29]} {[%emt 00:01:54]} Ree6 {[%clk 01:14:24]} {[%emt 00:01:29]} 19. Bf5
{[%clk 00:49:43]} {[%emt 00:02:16]} Ref6 {[%clk 01:14:37]} {[%emt 00:00:16]}
20. Bxh3 {[%clk 00:49:54]} {[%emt 00:00:20]} Nf3+ {[%clk 01:14:33]} {[%emt
00:00:34]} 21. Kf1 {[%clk 00:46:24]} {[%emt 00:03:56]} Nxe1 {[%clk 01:09:13]}
{[%emt 00:05:54]} 22. Bxf6 {[%clk 00:45:35]} {[%emt 00:01:19]} Rxf6 {[%clk
01:08:23]} {[%emt 00:01:20]} 23. Qxe1 {[%clk 00:44:43]} {[%emt 00:01:22]} b6
{[%clk 01:08:14]} {[%emt 00:00:38]} 24. Qc3 {[%clk 00:42:56]} {[%emt 00:02:18]}
Rh6 {[%clk 01:08:11]} {[%emt 00:00:33]} 25. Bf5 {[%clk 00:41:05]} {[%emt
00:02:15]} g6 {[%clk 01:05:44]} {[%emt 00:03:03]} 26. Bb1 {[%clk 00:39:27]}
{[%emt 00:02:03]} Bg7 {[%clk 01:06:01]} {[%emt 00:00:17]} 27. Qd3 {[%clk
00:38:38]} {[%emt 00:01:18]} Bb2 {[%clk 01:05:58]} {[%emt 00:00:35]} 28. Rd1
{[%clk 00:37:36]} {[%emt 00:01:31]} Rh4 {[%clk 01:04:53]} {[%emt 00:01:35]} 29.
Qd5 {[%clk 00:36:17]} {[%emt 00:01:44]} Bg7 {[%clk 01:02:33]} {[%emt 00:02:56]}
30. Qb7 {[%clk 00:33:50]} {[%emt 00:02:55]} Be5 {[%clk 01:01:46]} {[%emt
00:01:18]} 31. Qxc7 {[%clk 00:32:23]} {[%emt 00:01:56]} 1-0

[Event "DEM U10w 2022"]
[Site "Willingen GER"]
[Date "2022.06.08"]
[Round "6"]
[White "Frydel, Helena"]
[Black "Klymenko, Mariia"]
[Result "0-1"]
[Termination "normal"]
[Board "7"]
[WhiteElo "1141"]
[BlackElo "871"]
[WhiteClock "01:02:02"]
[BlackClock "01:09:49"]
[PlyCount "36"]
[WhiteFideId "16266536"]
[BlackFideId "34620621"]
[EventCountry "GER"]
[EventRounds "11"]
[EventType "swiss"]
[EventDate "2022.06.04"]

1. e4 {[%clk 01:15:58]} e5 {[%clk 01:15:57]} {[%emt 00:00:03]} 2. Nf3 {[%clk
01:16:22]} {[%emt 00:00:08]} Nc6 {[%clk 01:16:14]} {[%emt 00:00:12]} 3. Nc3
{[%clk 01:16:31]} {[%emt 00:00:21]} Nf6 {[%clk 01:16:35]} {[%emt 00:00:09]} 4.
d4 {[%clk 01:16:53]} {[%emt 00:00:07]} exd4 {[%clk 01:16:58]} {[%emt 00:00:08]}
5. Nxd4 {[%clk 01:17:18]} {[%emt 00:00:06]} Bb4 {[%clk 01:17:19]} {[%emt
00:00:08]} 6. Nxc6 {[%clk 01:17:42]} {[%emt 00:00:07]} bxc6 {[%clk 01:17:40]}
{[%emt 00:00:09]} 7. Bd3 {[%clk 01:18:01]} {[%emt 00:00:11]} d5 {[%clk
01:17:06]} {[%emt 00:01:02]} 8. exd5 {[%clk 01:18:26]} {[%emt 00:00:07]} cxd5
{[%clk 01:17:20]} {[%emt 00:00:16]} 9. O-O {[%clk 01:18:25]} {[%emt 00:00:31]}
O-O {[%clk 01:17:19]} {[%emt 00:00:28]} 10. Bg5 {[%clk 01:18:48]} {[%emt
00:00:09]} h6 {[%clk 01:15:58]} {[%emt 00:01:49]} 11. Bh4 {[%clk 01:18:58]}
{[%emt 00:00:20]} Qd6 {[%clk 01:13:53]} {[%emt 00:02:30]} 12. Qf3 {[%clk
01:17:29]} {[%emt 00:02:05]} Ng4 {[%clk 01:12:54]} {[%emt 00:01:28]} 13. Bg3
{[%clk 01:16:54]} {[%emt 00:01:07]} Ne5 {[%clk 01:12:14]} {[%emt 00:00:59]} 14.
Bxe5 {[%clk 01:16:00]} {[%emt 00:01:33]} Qxe5 {[%clk 01:12:20]} {[%emt
00:00:23]} 15. Nxd5 {[%clk 01:11:17]} {[%emt 00:05:16]} Bb7 {[%clk 01:11:05]}
{[%emt 00:01:42]} 16. Ne7+ {[%clk 01:04:47]} {[%emt 00:07:03]} Bxe7 {[%clk
01:11:03]} {[%emt 00:00:32]} 17. Qxb7 {[%clk 01:04:48]} {[%emt 00:00:29]} Bd6
{[%clk 01:09:49]} {[%emt 00:01:43]} 18. b3 {[%clk 01:02:02]} {[%emt 00:03:12]}
Qxh2# {[%emt 00:00:15]} 0-1

[Event "DEM U10w 2022"]
[Site "Willingen GER"]
[Date "2022.06.08"]
[Round "6"]
[White "Dominick, Johanna"]
[Black "Glotz, Katharina"]
[Result "0-1"]
[Termination "normal"]
[Board "8"]
[WhiteElo "1431"]
[BlackElo "1067"]
[WhiteClock "01:08:09"]
[BlackClock "01:01:18"]
[PlyCount "48"]
[WhiteFideId "16296532"]
[BlackFideId "34631011"]
[EventCountry "GER"]
[EventRounds "11"]
[EventType "swiss"]
[EventDate "2022.06.04"]

1. d4 {[%clk 01:15:59]} Nf6 {[%clk 01:15:45]} {[%emt 00:00:15]} 2. Nf3 {[%clk
01:16:16]} {[%emt 00:00:13]} g6 {[%clk 01:15:50]} {[%emt 00:00:25]} 3. e3
{[%clk 01:16:35]} {[%emt 00:00:08]} Bg7 {[%clk 01:15:47]} {[%emt 00:00:37]} 4.
Bd3 {[%clk 01:16:47]} {[%emt 00:00:13]} O-O {[%clk 01:15:45]} {[%emt 00:00:36]}
5. O-O {[%clk 01:17:11]} {[%emt 00:00:06]} d6 {[%clk 01:15:39]} {[%emt
00:00:35]} 6. Nbd2 {[%clk 01:17:28]} {[%emt 00:00:14]} Nfd7 {[%clk 01:15:32]}
{[%emt 00:00:37]} 7. c3 {[%clk 01:17:16]} {[%emt 00:00:43]} e5 {[%clk
01:15:28]} {[%emt 00:00:33]} 8. d5 {[%clk 01:17:12]} {[%emt 00:00:34]} Nf6
{[%clk 01:14:00]} {[%emt 00:01:58]} 9. e4 {[%clk 01:17:27]} {[%emt 00:00:13]}
Bg4 {[%clk 01:11:26]} {[%emt 00:03:07]} 10. h3 {[%clk 01:17:28]} {[%emt
00:00:28]} Bxf3 {[%clk 01:10:30]} {[%emt 00:01:26]} 11. Nxf3 {[%clk 01:17:52]}
{[%emt 00:00:07]} Nbd7 {[%clk 01:10:24]} {[%emt 00:00:35]} 12. Bd2 {[%clk
01:17:53]} {[%emt 00:00:28]} Nc5 {[%clk 01:10:42]} {[%emt 00:00:13]} 13. Qe2
{[%clk 01:17:33]} {[%emt 00:00:39]} Nxd3 {[%clk 01:10:36]} {[%emt 00:00:47]}
14. Qxd3 {[%clk 01:17:57]} {[%emt 00:00:06]} Nd7 {[%clk 01:10:32]} {[%emt
00:00:33]} 15. Qc2 {[%clk 01:18:06]} {[%emt 00:00:14]} f5 {[%clk 01:10:20]}
{[%emt 00:00:50]} 16. Ng5 {[%clk 01:15:29]} {[%emt 00:03:03]} Qc8 {[%clk
01:03:58]} {[%emt 00:06:57]} 17. Ne6 {[%clk 01:14:29]} {[%emt 00:01:23]} Rf7
{[%clk 01:03:01]} {[%emt 00:01:33]} 18. Qc1 {[%clk 01:13:53]} {[%emt 00:01:02]}
Nf8 {[%clk 01:01:13]} {[%emt 00:02:19]} 19. Nxg7 {[%clk 01:13:27]} {[%emt
00:00:58]} Kxg7 {[%clk 01:01:23]} {[%emt 00:00:20]} 20. Bh6+ {[%clk 01:12:46]}
{[%emt 00:01:08]} Kg8 {[%clk 01:01:41]} {[%emt 00:00:16]} 21. Qc2 {[%clk
01:11:06]} {[%emt 00:02:05]} f4 {[%clk 01:01:12]} {[%emt 00:01:03]} 22. g3
{[%clk 01:09:26]} {[%emt 00:02:10]} Qxh3 {[%clk 01:01:21]} {[%emt 00:00:22]}
23. Bxf8 {[%clk 01:09:01]} {[%emt 00:00:55]} f3 {[%clk 01:01:18]} {[%emt
00:00:32]} 24. Rfd1 {[%clk 01:08:09]} {[%emt 00:01:22]} Qg2# {[%emt 00:00:10]}
0-1

[Event "DEM U10w 2022"]
[Site "Willingen GER"]
[Date "2022.06.08"]
[Round "6"]
[White "Fruth, Julia"]
[Black "Weyerer, Elea"]
[Result "1/2-1/2"]
[Termination "normal"]
[Board "10"]
[WhiteElo "1037"]
[BlackElo "876"]
[WhiteClock "00:02:22"]
[BlackClock "00:36:17"]
[PlyCount "127"]
[WhiteFideId "34603050"]
[BlackFideId "34605770"]
[EventCountry "GER"]
[EventRounds "11"]
[EventType "swiss"]
[EventDate "2022.06.04"]

1. e4 {[%clk 01:15:56]} {[%emt 00:00:02]} e6 {[%clk 01:15:56]} {[%emt
00:00:05]} 2. d4 {[%clk 01:16:22]} {[%emt 00:00:05]} d5 {[%clk 01:16:20]}
{[%emt 00:00:06]} 3. exd5 {[%clk 01:16:46]} {[%emt 00:00:06]} exd5 {[%clk
01:16:42]} {[%emt 00:00:07]} 4. Bd3 {[%clk 01:17:04]} {[%emt 00:00:11]} Bd6
{[%clk 01:17:02]} {[%emt 00:00:10]} 5. Ne2 {[%clk 01:17:26]} {[%emt 00:00:08]}
Ne7 {[%clk 01:16:44]} {[%emt 00:00:49]} 6. Bf4 {[%clk 01:16:24]} {[%emt
00:01:31]} Nbc6 {[%clk 01:16:20]} {[%emt 00:00:54]} 7. c3 {[%clk 01:16:10]}
{[%emt 00:00:44]} O-O {[%emt 00:01:08]} 8. O-O {[%emt 00:00:12]} Bg4 {[%clk
01:13:28]} {[%emt 00:02:01]} 9. f3 {[%clk 01:14:02]} {[%emt 00:02:40]} Bf5
{[%clk 01:13:16]} {[%emt 00:00:40]} 10. Bxf5 {[%clk 01:12:55]} {[%emt
00:01:38]} Nxf5 {[%clk 01:13:36]} {[%emt 00:00:11]} 11. Qd3 {[%clk 01:09:36]}
{[%emt 00:03:47]} Nce7 {[%clk 01:12:51]} {[%emt 00:01:17]} 12. Bxd6 {[%clk
01:07:50]} {[%emt 00:02:16]} Qxd6 {[%clk 01:13:07]} {[%emt 00:00:13]} 13. Na3
{[%clk 01:05:52]} {[%emt 00:02:28]} c6 {[%clk 01:12:39]} {[%emt 00:00:59]} 14.
Nc2 {[%clk 01:05:57]} {[%emt 00:00:25]} Rfe8 {[%clk 01:11:00]} {[%emt
00:02:09]} 15. Qd2 {[%clk 01:05:26]} {[%emt 00:01:00]} h6 {[%clk 01:10:21]}
{[%emt 00:01:08]} 16. Qe1 {[%clk 01:02:44]} {[%emt 00:03:12]} Ng6 {[%clk
01:09:34]} {[%emt 00:01:19]} 17. Qd2 {[%clk 01:02:04]} {[%emt 00:01:09]} Re7
{[%clk 01:07:12]} {[%emt 00:02:53]} 18. Rfe1 {[%clk 01:00:49]} {[%emt
00:01:44]} Rae8 {[%clk 01:04:32]} {[%emt 00:03:11]} 19. b3 {[%clk 00:55:41]}
{[%emt 00:05:38]} b5 {[%clk 01:00:48]} {[%emt 00:04:14]} 20. Nc1 {[%clk
00:49:41]} {[%emt 00:06:29]} Rxe1+ {[%clk 01:00:05]} {[%emt 00:01:14]} 21. Nxe1
{[%clk 00:48:20]} {[%emt 00:01:49]} Ngh4 {[%clk 00:57:49]} {[%emt 00:02:44]}
22. Ncd3 {[%clk 00:45:24]} {[%emt 00:03:27]} Qg6 {[%clk 00:57:00]} {[%emt
00:01:21]} 23. Kh1 {[%clk 00:40:04]} {[%emt 00:05:07]} Qh5 {[%clk 00:55:27]}
{[%emt 00:02:46]} 24. g4 {[%clk 00:32:34]} {[%emt 00:08:02]} Ng3+ {[%clk
00:54:49]} {[%emt 00:01:06]} 25. Kg1 {[%clk 00:25:33]} {[%emt 00:07:32]} Ne2+
{[%clk 00:52:10]} {[%emt 00:03:10]} 26. Kf1 {[%clk 00:24:36]} {[%emt 00:01:25]}
Qg6 {[%clk 00:50:33]} {[%emt 00:02:02]} 27. Nc1 {[%clk 00:17:59]} {[%emt
00:07:11]} Nxc1 {[%clk 00:47:18]} {[%emt 00:03:46]} 28. Rxc1 {[%clk 00:17:53]}
{[%emt 00:00:37]} Qf6 {[%clk 00:46:26]} {[%emt 00:01:16]} 29. Qf2 {[%clk
00:15:57]} {[%emt 00:02:25]} Qe7 {[%clk 00:45:08]} {[%emt 00:01:51]} 30. Ng2
{[%clk 00:14:19]} {[%emt 00:02:11]} Nxg2 {[%clk 00:44:46]} {[%emt 00:00:53]}
31. Kxg2 {[%clk 00:14:26]} {[%emt 00:00:22]} Qe2 {[%clk 00:43:54]} {[%emt
00:01:21]} 32. Rc2 {[%clk 00:13:10]} {[%emt 00:01:47]} Qxf2+ {[%clk 00:43:50]}
{[%emt 00:00:35]} 33. Kxf2 {[%clk 00:13:28]} {[%emt 00:00:11]} a5 {[%clk
00:44:02]} {[%emt 00:00:18]} 34. c4 {[%clk 00:13:10]} {[%emt 00:00:50]} dxc4
{[%clk 00:42:56]} {[%emt 00:01:35]} 35. bxc4 {[%clk 00:13:27]} {[%emt
00:00:13]} Rd8 {[%clk 00:42:42]} {[%emt 00:00:42]} 36. cxb5 {[%clk 00:13:30]}
{[%emt 00:00:29]} cxb5 {[%clk 00:42:57]} {[%emt 00:00:15]} 37. Ke3 {[%clk
00:13:39]} {[%emt 00:00:21]} b4 {[%clk 00:42:04]} {[%emt 00:01:22]} 38. Rc4
{[%clk 00:13:30]} {[%emt 00:00:36]} Rb8 {[%clk 00:41:42]} {[%emt 00:00:56]} 39.
Rc5 {[%clk 00:13:22]} {[%emt 00:00:38]} a4 {[%clk 00:41:50]} {[%emt 00:00:22]}
40. Rc4 {[%clk 00:13:01]} {[%emt 00:00:50]} b3 {[%clk 00:41:49]} {[%emt
00:00:32]} 41. axb3 {[%clk 00:12:57]} {[%emt 00:00:34]} Rxb3+ {[%clk 00:42:10]}
{[%emt 00:00:09]} 42. Ke4 {[%clk 00:12:58]} {[%emt 00:00:26]} Ra3 {[%clk
00:41:56]} {[%emt 00:00:46]} 43. Kd5 {[%clk 00:12:56]} {[%emt 00:00:30]} Rxf3
{[%clk 00:41:19]} {[%emt 00:01:11]} 44. Rxa4 {[%clk 00:13:16]} {[%emt
00:00:09]} Rf4 {[%clk 00:41:03]} {[%emt 00:00:44]} 45. Kd6 {[%clk 00:12:38]}
{[%emt 00:01:08]} Rxg4 {[%clk 00:41:08]} {[%emt 00:00:27]} 46. Rc4 {[%clk
00:12:50]} {[%emt 00:00:17]} f5 {[%clk 00:40:51]} {[%emt 00:00:46]} 47. Rc8+
{[%clk 00:13:03]} {[%emt 00:00:19]} Kf7 {[%clk 00:40:49]} {[%emt 00:00:32]} 48.
d5 {[%clk 00:13:03]} {[%emt 00:00:30]} f4 {[%clk 00:40:46]} {[%emt 00:00:33]}
49. Rc4 {[%clk 00:12:48]} {[%emt 00:00:43]} h5 {[%clk 00:39:44]} {[%emt
00:01:33]} 50. h3 {[%clk 00:12:34]} {[%emt 00:00:45]} Rg6+ {[%clk 00:39:38]}
{[%emt 00:00:35]} 51. Kc7 {[%clk 00:12:44]} {[%emt 00:00:18]} Rf6 {[%clk
00:38:08]} {[%emt 00:01:58]} 52. d6 {[%clk 00:12:39]} {[%emt 00:00:39]} f3
{[%clk 00:38:23]} {[%emt 00:00:16]} 53. Rc1 {[%clk 00:11:01]} {[%emt 00:02:06]}
Ke6 {[%clk 00:36:33]} {[%emt 00:02:21]} 54. Re1+ {[%clk 00:10:40]} {[%emt
00:00:50]} Kd5 {[%clk 00:36:05]} {[%emt 00:00:58]} 55. Rd1+ {[%clk 00:10:03]}
{[%emt 00:01:09]} Ke5 {[%clk 00:36:21]} {[%emt 00:00:14]} 56. Re1+ {[%clk
00:10:21]} {[%emt 00:00:11]} Kd5 {[%clk 00:36:43]} {[%emt 00:00:10]} 57. Rf1
{[%clk 00:09:02]} {[%emt 00:01:47]} Rxd6 {[%clk 00:36:53]} {[%emt 00:00:20]}
58. Rxf3 {[%clk 00:09:26]} {[%emt 00:00:06]} Rf6 {[%clk 00:36:52]} {[%emt
00:00:30]} 59. Rg3 {[%clk 00:09:23]} {[%emt 00:00:33]} g6 {[%clk 00:36:55]}
{[%emt 00:00:29]} 60. Kd8 {[%clk 00:07:42]} {[%emt 00:02:00]} Ke6 {[%clk
00:37:01]} {[%emt 00:00:34]} 61. Re3+ {[%clk 00:07:16]} {[%emt 00:00:57]} Kf5
{[%clk 00:37:06]} {[%emt 00:00:24]} 62. Ke7 {[%clk 00:05:20]} {[%emt 00:02:20]}
Ra6 {[%clk 00:36:19]} {[%emt 00:00:58]} 63. Rf3+ {[%clk 00:02:49]} {[%emt
00:03:27]} Ke4 {[%clk 00:36:17]} {[%emt 00:00:31]} 64. Rf6 {[%clk 00:02:22]}
{[%emt 00:00:58]} 1/2-1/2

[Event "DEM U10w 2022"]
[Site "Willingen GER"]
[Date "2022.06.08"]
[Round "6"]
[White "Berger, Jennifer"]
[Black "Tu, Audrey"]
[Result "1-0"]
[Termination "normal"]
[Board "11"]
[WhiteElo "1046"]
[BlackElo "1108"]
[WhiteClock "01:13:35"]
[BlackClock "00:16:46"]
[PlyCount "133"]
[WhiteFideId "34630074"]
[BlackFideId "34628568"]
[EventCountry "GER"]
[EventRounds "11"]
[EventType "swiss"]
[EventDate "2022.06.04"]

1. e4 {[%clk 01:15:55]} {[%emt 00:00:05]} e5 {[%clk 01:15:52]} {[%emt
00:00:08]} 2. Nf3 {[%clk 01:16:20]} {[%emt 00:00:05]} Nc6 {[%clk 01:16:15]}
{[%emt 00:00:07]} 3. d4 {[%clk 01:16:44]} {[%emt 00:00:06]} exd4 {[%clk
01:16:12]} {[%emt 00:00:34]} 4. Nxd4 {[%clk 01:17:04]} {[%emt 00:00:09]} Nf6
{[%clk 01:16:02]} {[%emt 00:00:41]} 5. Nxc6 {[%clk 01:17:22]} {[%emt 00:00:10]}
bxc6 {[%clk 01:16:19]} {[%emt 00:00:14]} 6. e5 {[%clk 01:17:43]} {[%emt
00:00:09]} Qe7 {[%clk 01:16:29]} {[%emt 00:00:20]} 7. Qe2 {[%clk 01:17:56]}
{[%emt 00:00:17]} Nd5 {[%clk 01:16:41]} {[%emt 00:00:19]} 8. c4 {[%clk
01:18:15]} {[%emt 00:00:11]} Ba6 {[%clk 01:16:49]} {[%emt 00:00:22]} 9. Nd2
{[%clk 01:18:32]} {[%emt 00:00:11]} g6 {[%clk 01:16:22]} {[%emt 00:00:59]} 10.
Ne4 {[%clk 01:18:55]} {[%emt 00:00:06]} Bg7 {[%clk 01:15:00]} {[%emt 00:01:52]}
11. Bg5 {[%clk 01:18:43]} {[%emt 00:00:41]} Qb4+ {[%clk 01:10:15]} {[%emt
00:05:16]} 12. Qd2 {[%clk 01:18:40]} {[%emt 00:00:33]} Qxd2+ {[%clk 01:09:48]}
{[%emt 00:00:58]} 13. Kxd2 {[%clk 01:18:46]} {[%emt 00:00:23]} Nb6 {[%clk
01:07:23]} {[%emt 00:02:56]} 14. Nf6+ {[%clk 01:18:28]} {[%emt 00:00:47]} Bxf6
{[%clk 01:04:52]} {[%emt 00:03:02]} 15. Bxf6 {[%clk 01:18:20]} {[%emt
00:00:37]} Rg8 {[%clk 01:00:56]} {[%emt 00:04:27]} 16. c5 {[%clk 01:17:48]}
{[%emt 00:00:35]} Bxf1 {[%clk 00:59:41]} {[%emt 00:02:11]} 17. cxb6 {[%clk
01:17:48]} {[%emt 00:00:28]} Ba6 {[%clk 00:58:57]} {[%emt 00:01:17]} 18. bxc7
{[%clk 01:17:24]} {[%emt 00:00:53]} Rc8 {[%clk 00:55:14]} {[%emt 00:04:14]} 19.
Bd8 {[%clk 01:17:24]} {[%emt 00:00:28]} Kf8 {[%clk 00:51:13]} {[%emt 00:04:32]}
20. Rhe1 {[%clk 01:16:52]} {[%emt 00:01:02]} Kg7 {[%clk 00:49:27]} {[%emt
00:02:17]} 21. Rac1 {[%clk 01:16:16]} {[%emt 00:01:05]} Re8 {[%clk 00:46:56]}
{[%emt 00:03:01]} 22. Rcd1 {[%clk 01:16:01]} {[%emt 00:00:45]} Bc4 {[%clk
00:46:22]} {[%emt 00:01:05]} 23. Kc3 {[%clk 01:14:45]} {[%emt 00:01:45]} Bd5
{[%clk 00:46:07]} {[%emt 00:00:46]} 24. g3 {[%clk 01:13:54]} {[%emt 00:01:20]}
g5 {[%clk 00:44:20]} {[%emt 00:02:18]} 25. f4 {[%clk 01:11:16]} {[%emt
00:03:08]} gxf4 {[%clk 00:43:26]} {[%emt 00:01:24]} 26. gxf4 {[%clk 01:11:08]}
{[%emt 00:00:36]} Kg6 {[%clk 00:41:25]} {[%emt 00:02:32]} 27. Rd4 {[%clk
01:10:34]} {[%emt 00:01:03]} f6 {[%clk 00:35:05]} {[%emt 00:06:52]} 28. Rb4
{[%clk 01:10:16]} {[%emt 00:00:48]} Rcxd8 {[%clk 00:33:41]} {[%emt 00:01:54]}
29. cxd8=Q {[%emt 00:00:32]} Rxd8 {[%clk 00:33:59]} {[%emt 00:00:07]} 30. exf6
{[%clk 01:10:19]} {[%emt 00:00:29]} Kxf6 {[%clk 00:34:18]} {[%emt 00:00:11]}
31. Rb7 {[%clk 01:10:17]} {[%emt 00:00:32]} Kf5 {[%clk 00:31:58]} {[%emt
00:02:50]} 32. Rf1 {[%clk 01:10:19]} {[%emt 00:00:28]} Bg2 {[%clk 00:27:55]}
{[%emt 00:04:33]} 33. Rf2 {[%clk 01:10:31]} {[%emt 00:00:18]} Bd5 {[%clk
00:27:31]} {[%emt 00:00:54]} 34. Rxa7 {[%clk 01:10:38]} {[%emt 00:00:23]} h5
{[%clk 00:26:54]} {[%emt 00:01:07]} 35. a4 {[%clk 01:09:15]} {[%emt 00:01:53]}
d6 {[%clk 00:24:00]} {[%emt 00:03:25]} 36. a5 {[%clk 01:09:32]} {[%emt
00:00:13]} Kg4 {[%clk 00:22:57]} {[%emt 00:01:32]} 37. Kd4 {[%clk 01:09:29]}
{[%emt 00:00:33]} Bb3 {[%clk 00:21:53]} {[%emt 00:01:34]} 38. a6 {[%clk
01:09:37]} {[%emt 00:00:22]} Kh4 {[%clk 00:20:30]} {[%emt 00:02:00]} 39. Rb7
{[%clk 01:09:45]} {[%emt 00:00:22]} Bd5 {[%clk 00:20:22]} {[%emt 00:00:38]} 40.
Rf1 {[%clk 01:09:54]} {[%emt 00:00:21]} Bg2 {[%clk 00:19:41]} {[%emt 00:01:11]}
41. Ra1 {[%clk 01:10:07]} {[%emt 00:00:16]} c5+ {[%clk 00:19:24]} {[%emt
00:00:48]} 42. Kc4 {[%clk 01:10:23]} {[%emt 00:00:13]} Bxb7 {[%clk 00:19:44]}
{[%emt 00:00:11]} 43. axb7 {[%clk 01:10:44]} {[%emt 00:00:09]} Rb8 {[%clk
00:19:55]} {[%emt 00:00:19]} 44. Ra7 {[%clk 01:11:06]} {[%emt 00:00:07]} Kg4
{[%clk 00:20:01]} {[%emt 00:00:25]} 45. Kd5 {[%clk 01:11:25]} {[%emt 00:00:10]}
Kxf4 {[%clk 00:17:16]} {[%emt 00:03:15]} 46. Kc6 {[%clk 01:11:46]} {[%emt
00:00:10]} Ke5 {[%clk 00:16:37]} {[%emt 00:01:09]} 47. Kc7 {[%clk 01:11:16]}
{[%emt 00:01:00]} Rxb7+ {[%clk 00:17:01]} {[%emt 00:00:07]} 48. Rxb7 {[%clk
01:11:34]} {[%emt 00:00:10]} c4 {[%clk 00:17:16]} {[%emt 00:00:17]} 49. Rb5+
{[%clk 01:11:50]} {[%emt 00:00:13]} Ke6 {[%clk 00:15:40]} {[%emt 00:02:06]} 50.
Rxh5 {[%clk 01:11:59]} {[%emt 00:00:20]} d5 {[%clk 00:15:42]} {[%emt 00:00:29]}
51. Kb6 {[%clk 01:11:55]} {[%emt 00:00:34]} d4 {[%clk 00:15:05]} {[%emt
00:01:08]} 52. Rc5 {[%clk 01:12:08]} {[%emt 00:00:16]} d3 {[%clk 00:15:19]}
{[%emt 00:00:17]} 53. Kc6 {[%clk 01:12:14]} {[%emt 00:00:23]} d2 {[%clk
00:14:55]} {[%emt 00:00:54]} 54. Rd5 {[%clk 01:12:38]} {[%emt 00:00:05]} c3
{[%clk 00:15:20]} {[%emt 00:00:06]} 55. bxc3 {[%clk 01:12:55]} {[%emt
00:00:12]} d1=Q {[%clk 00:15:43]} {[%emt 00:00:09]} 56. Rxd1 {[%clk 01:13:15]}
{[%emt 00:00:08]} Kf5 {[%clk 00:16:08]} {[%emt 00:00:07]} 57. Re1 {[%clk
01:13:34]} {[%emt 00:00:06]} Kg4 {[%emt 00:00:10]} 58. Rf1 {[%emt 00:00:18]}
Kh3 {[%clk 00:16:02]} {[%emt 00:00:11]} 59. Rg1 {[%clk 01:13:59]} {[%emt
00:00:06]} Kxh2 {[%clk 00:16:24]} {[%emt 00:00:09]} 60. Rg8 {[%clk 01:14:21]}
{[%emt 00:00:07]} Kh3 {[%clk 00:16:17]} {[%emt 00:01:11]} 61. Kd5 {[%clk
01:13:35]} {[%emt 00:01:00]} Kh4 {[%clk 00:16:46]} {[%emt 00:00:22]} 62. Ke4
{[%clk 01:13:35]} {[%emt 00:00:09]} Kh5 {[%clk 00:16:46]} {[%emt 00:00:18]} 63.
Kf5 {[%clk 01:13:35]} {[%emt 00:00:10]} Kh6 {[%clk 00:16:46]} {[%emt 00:00:12]}
64. Rg1 {[%clk 01:13:35]} {[%emt 00:00:03]} Kh7 {[%clk 00:16:46]} {[%emt
00:00:19]} 65. Kf6 {[%clk 01:13:35]} {[%emt 00:00:08]} Kh8 {[%clk 00:16:46]}
{[%emt 00:00:09]} 66. Kf7 {[%clk 01:13:35]} {[%emt 00:00:06]} Kh7 {[%clk
00:16:46]} {[%emt 00:00:05]} 67. Rh1 {[%clk 01:13:35]} {[%emt 00:00:05]} 1-0